000 01154nam1a22002891i 4500
001 v19\rc\1323755
005 20240725221939.0
035 _a(NLR Aleph) 004559755
090 _a2257519
_c2257519
100 _a20060512d1837 |||y0rusy50 ca
101 1 _arus
_ceng
102 _aRU
105 _ay z |||a|
200 1 _aМорской офицер, или Приключения Франка Мильдмея
_e[Роман]
_fСоч. кап. Марриета, авт. "The King's own", "Peter Simple", Jacob Faithful" и пр.
_gПер. с англ. Р. Скаловский. Ч. 1-2
_g[Предисл. Р.С.]
210 _aСанкт-Петербург
_cтип. Х. Гинце
_d1837
215 _a2 т.
_d22
300 _aПредисл.: Р. С.
700 1 _9z01790
_aМарриет
_bФ.
_f1792-1848
_gФредерик
702 1 _aСкаловский
_bР.
_4730
_4080
790 1 _9z01700
_aМарриэт
_bФ.
_f1792-1848
_gФредерик
801 0 _aRU
_bNLR
_gpsbo
801 0 _aRU
_bRuMoRGB
_2psbo
801 1 _aRU
_bProSoft-M
_2rusmarc
852 _aNLR
_j18.228.2.12
899 _aRuMoRGB
_jD 35/154
899 _aНБ СПбГУ (1)
942 _cBOOK